ბათუმის შოთა რუსთაველის სახელმწიფო უნივერსიტეტის ბიბლიოთეკა

Математические беседы. Задачи о многоцветной раскраске. Задачи из теории чисел. Случайные блуждания. (ბიბ.ჩანაწერი № 38963)

000 -LEADER
fixed length control field 00648nam a2200193Ia 4500
001 - CONTROL NUMBER
control field 5415
003 - CONTROL NUMBER IDENTIFIER
control field GE_BSU
008 - FIXED-LENGTH DATA ELEMENTS--GENERAL INFORMATION
fixed length control field 181216s||||||||xx |||||||||||||| ||und||
040 ## - CATALOGING SOURCE
Transcribing agency GE_BSU
080 ## - UNIVERSAL DECIMAL CLASSIFICATION NUMBER
Universal Decimal Classification number 51
100 ## - MAIN ENTRY--PERSONAL NAME
Personal name Дынкин Е.Б;В.А.Успенский.
245 ## - TITLE STATEMENT
Title Математические беседы. Задачи о многоцветной раскраске. Задачи из теории чисел. Случайные блуждания.
260 ## - PUBLICATION, DISTRIBUTION, ETC.
Place of publication, distribution, etc. Москва
260 ## - PUBLICATION, DISTRIBUTION, ETC.
Name of publisher, distributor, etc. гостехиздат.
260 ## - PUBLICATION, DISTRIBUTION, ETC.
Date of publication, distribution, etc. 1962
300 ## - PHYSICAL DESCRIPTION
Extent 288с. 20см.
653 ## - INDEX TERM--UNCONTROLLED
Uncontrolled term Математические беседы.
942 ## - ADDED ENTRY ELEMENTS (KOHA)
Koha item type წიგნი
ეგზემპლარები
Withdrawn status Lost status Damaged status Not for loan Date acquired Barcode Date last seen Price effective from Koha item type
        2018-12-17 16000 2018-12-17 2018-12-17 წიგნი